Control of water pollution from construction sites: guidance for consultants and contractors. (Record no. 101173)

MARC details
000 -LEADER
fixed length control field 00730cam a2200265 4500
008 - FIXED-LENGTH DATA ELEMENTS--GENERAL INFORMATION
fixed length control field 000000n2001 000 0 eng u
020 ## - INTERNATIONAL STANDARD BOOK NUMBER
International Standard Book Number 0860175324
035 ## - SYSTEM CONTROL NUMBER
System control number (Sirsi) u110988
050 ## - LIBRARY OF CONGRESS CALL NUMBER
Classification number 614.77
100 ## - MAIN ENTRY--PERSONAL NAME
Personal name Masters-Williams, Hugh
245 ## - TITLE STATEMENT
Title Control of water pollution from construction sites: guidance for consultants and contractors.
260 ## - PUBLICATION, DISTRIBUTION, ETC.
Place of publication, distribution, etc. London
Name of publisher, distributor, etc. CIRIA
Date of publication, distribution, etc. 2001
300 ## - PHYSICAL DESCRIPTION
Extent 256p. ; 30cm.
490 ## - SERIES STATEMENT
Series statement CIRIA
Volume/sequential designation 532
650 ## - SUBJECT ADDED ENTRY--TOPICAL TERM
Topical term or geographic name entry element POLLUTION
650 ## - SUBJECT ADDED ENTRY--TOPICAL TERM
Topical term or geographic name entry element Environment
9 (RLIN) 6238
650 ## - SUBJECT ADDED ENTRY--TOPICAL TERM
Topical term or geographic name entry element WATER POLLUTION
650 ## - SUBJECT ADDED ENTRY--TOPICAL TERM
Topical term or geographic name entry element GROUNDWATER
650 ## - SUBJECT ADDED ENTRY--TOPICAL TERM
Topical term or geographic name entry element BUILDING SITES
650 ## - SUBJECT ADDED ENTRY--TOPICAL TERM
Topical term or geographic name entry element CONSTRUCTION SITES
690 ## - LOCAL SUBJECT ADDED ENTRY--TOPICAL TERM (OCLC, RLIN)
Topical term or geographic name as entry element BUILT ENVIRONMENT
700 ## - ADDED ENTRY--PERSONAL NAME
Personal name Heap, Andy
700 ## - ADDED ENTRY--PERSONAL NAME
Personal name Kitts, Heather
942 ## - ADDED ENTRY ELEMENTS (KOHA)
Suppress in OPAC 0
Holdings
Withdrawn status Lost status Source of classification or shelving scheme Damaged status Not for loan Home library Current library Shelving location Date acquired Total Checkouts Full call number Barcode Date last seen Copy number Price effective from Koha item type
    Dewey Decimal Classification     London London Books 19/02/2001   CIRIA REPORTS 30063610 24/04/2024 1 06/08/2019 Reference material